[Event "14th Vandoeuvre Open 2018"]
[Site "?"]
[Date "2018.01.06"]
[Round "9"]
[White "Steininger, Denis"]
[Black "Jl, Malglaive"]
[Result "0-1"]
[WhiteElo "1957"]
[BlackElo "1842"]
[PlyCount "91"]
[EventDate "2018.??.??"]
[EventType "swiss"]
[EventCountry "FRA"]
[SourceTitle "Vandoeuvre"]
[TimeControl "5400+30"]
[WhiteClock "0:26:59"]
[BlackClock "1:26:19"]

1. e4 {[%emt 0:00:00]} Nf6 {[%emt 0:00:00]} 2. e5 {[%emt 0:00:00]} Nd5 {[%emt 0:00:00]} 3. d4 {[%emt 0:00:00]} d6 {[%emt 0:00:00]} 4. Nf3 {[%emt 0:00:03]} Bg4 {[%emt 0:00:11]} 5. Be2 {[%emt 0:00:52]} c6 {[%emt 0:00:28]} 6. h3 {[%emt 0:00:25]} Bxf3 {[%emt 0:02:46]} 7. Bxf3 {[%emt 0:00:07]} dxe5 {[%emt 0:00:11]} 8. dxe5 {[%emt 0:00:02]} e6 {[%emt 0:00:31]} 9. c4 {[%emt 0:00:49]} Ne7 {[%emt 0:00:10]} 10. Qxd8+ {[%emt 0:00:10]} Kxd8 {[%emt 0:01:27]} 11. Bh5 {[%emt 0:00:23]} Ng6 {[%emt 0:03:03]} 12. f4 {[%emt 0:00:14]} Nd7 {[%emt 0:01:06]} 13. Ke2 {[%emt 0:00:21]} f6 {[%emt 0:04:58]} 14. exf6 {[%emt 0:02:07]} gxf6 {[%emt 0:02:17]} 15. Nc3 {[%emt 0:00:16]} f5 {[%emt 0:02:50]} 16. Be3 {[%emt 0:01:34]} Bg7 {[%emt 0:03:05]} 17. Rad1 {[%emt 0:01:00]} Ke7 {[%emt 0:01:31]} 18. c5 {[%emt 0:00:15]} Nf6 {[%emt 0:09:07]} 19. Bf3 {[%emt 0:00:07]} Nd5 {[%emt 0:00:03]} 20. Nxd5+ {[%emt 0:00:15]} cxd5 {[%emt 0:00:07]} 21. g3 {[%emt 0:00:28]} Kd7 {[%emt 0:04:58]} 22. b4 {[%emt 0:01:59]} Ne7 {[%emt 0:06:22]} 23. b5 {[%emt 0:00:30]} a6 {[%emt 0:00:28]} 24. a4 {[%emt 0:00:21]} axb5 {[%emt 0:00:10]} 25. axb5 {[%emt 0:00:07]} Ra2+ {[%emt 0:00:13]} 26. Rd2 {[%emt 0:00:23]} Rha8 {[%emt 0:01:15]} 27. g4 {[%emt 0:00:54]} R8a5 {[%emt 0:01:37]} 28. Rb1 {[%emt 0:00:36]} Bc3 {[%emt 0:03:35]} 29. Rxa2 {[%emt 0:00:22]} Rxa2+ {[%emt 0:00:27]} 30. Kd3 {[%emt 0:00:05]} Bf6 {[%emt 0:13:45]} 31. Bd2 {[%emt 0:00:45]} Ra3+ {[%emt 0:02:12]} 32. Ke2 {[%emt 0:00:07]} Bd4 {[%emt 0:00:42]} 33. Rc1 {[%emt 0:03:25]} Rb3 {[%emt 0:01:30]} 34. c6+ {[%emt 0:00:56]} bxc6 {[%emt 0:00:39]} 35. bxc6+ {[%emt 0:00:12]} Nxc6 {[%emt 0:02:08]} 36. gxf5 {[%emt 0:00:10]} Bb2 {[%emt 0:02:25]} 37. fxe6+ {[%emt 0:00:11]} Kd6 {[%emt 0:00:17]} 38. Rxc6+ {[%emt 0:01:02]} Kxc6 {[%emt 0:00:11]} 39. f5 {[%emt 0:00:09]} Bf6 {[%emt 0:02:37]} 40. Be1 {[%emt 0:00:45]} Kc5 {[%emt 0:02:06]} 41. h4 {[%emt 0:00:32]} d4 {[%emt 0:00:53]} 42. h5 {[%emt 0:00:45]} d3+ {[%emt 0:00:40]} 43. Kd1 {[%emt 0:01:03]} Bg5 {[%emt 0:01:20]} 44. Bf2+ {[%emt 0:00:50]} Kc4 {[%emt 0:00:35]} 45. Ke1 {[%emt 0:00:53]} d2+ {[%emt 0:00:35]} 46. Ke2 {[%emt 0:00:11]} 0-1

[Event "14th Vandoeuvre Open 2018"]
[Site "?"]
[Date "2018.01.06"]
[Round "9"]
[White "Grandmougin, Olivier"]
[Black "Obert, Julien"]
[Result "1-0"]
[WhiteElo "1904"]
[BlackElo "1923"]
[PlyCount "129"]
[EventDate "2018.??.??"]
[EventType "swiss"]
[EventCountry "FRA"]
[SourceTitle "Vandoeuvre"]
[TimeControl "5400+30"]
[WhiteClock "0:00:55"]
[BlackClock "0:14:10"]

1. e4 {[%emt 0:01:17]} e6 {[%emt 0:00:03]} 2. d4 {[%emt 0:00:07]} d5 {[%emt 0:00:07]} 3. e5 {[%emt 0:00:11]} c5 {[%emt 0:00:20]} 4. c3 {[%emt 0:00:05]} Nc6 {[%emt 0:00:43]} 5. Nf3 {[%emt 0:00:04]} Qb6 {[%emt 0:00:28]} 6. a3 {[%emt 0:04:00]} Bd7 {[%emt 0:02:15]} 7. b4 {[%emt 0:01:40]} cxd4 {[%emt 0:00:45]} 8. cxd4 {[%emt 0:00:04]} Rc8 {[%emt 0:03:14]} 9. Bb2 {[%emt 0:08:29]} Nh6 {[%emt 0:06:40]} 10. Bd3 {[%emt 0:03:37]} Na5 {[%emt 0:15:42]} 11. Bc3 {[%emt 0:10:50]} Nc4 {[%emt 0:01:11]} 12. Nfd2 {[%emt 0:04:40]} Nxd2 {[%emt 0:06:50]} 13. Qxd2 {[%emt 0:03:36]} Bb5 {[%emt 0:02:18]} 14. O-O {[%emt 0:00:04]} Be7 {[%emt 0:01:26]} 15. a4 {[%emt 0:20:36]} Bxd3 {[%emt 0:01:33]} 16. Qxd3 {[%emt 0:04:42]} O-O {[%emt 0:00:28]} 17. a5 {[%emt 0:01:59]} Qc6 {[%emt 0:06:10]} 18. a6 {[%emt 0:02:49]} b6 {[%emt 0:00:28]} 19. Bd2 {[%emt 0:02:50]} Nf5 {[%emt 0:01:22]} 20. g4 {[%emt 0:00:23]} Nh4 {[%emt 0:02:09]} 21. Na3 {[%emt 0:01:12]} f5 {[%emt 0:03:34]} 22. g5 {[%emt 0:03:30]} f4 {[%emt 0:07:29]} 23. Rfc1 {[%emt 0:02:45]} Qd7 {[%emt 0:00:27]} 24. Rxc8 {[%emt 0:00:24]} Rxc8 {[%emt 0:00:42]} 25. Bxf4 {[%emt 0:00:41]} Bxb4 {[%emt 0:02:02]} 26. Nb5 {[%emt 0:01:30]} Rc4 {[%emt 0:01:06]} 27. Nd6 {[%emt 0:00:39]} Bxd6 {[%emt 0:02:44]} 28. exd6 {[%emt 0:00:48]} Nf5 {[%emt 0:10:16]} 29. Be5 {[%emt 0:02:36]} Nxd6 {[%emt 0:00:29]} 30. g6 {[%emt 0:00:18]} hxg6 {[%emt 0:12:20]} 31. Qxg6 {[%emt 0:00:34]} Rc8 {[%emt 0:04:23]} 32. Ra3 {[%emt 0:00:42]} Qf7 {[%emt 0:01:25]} 33. Qg5 {[%emt 0:01:21]} Nf5 {[%emt 0:02:29]} 34. Rf3 {[%emt 0:00:46]} b5 {[%emt 0:02:14]} 35. h4 {[%emt 0:00:09]} Kf8 {[%emt 0:00:48]} 36. h5 {[%emt 0:01:05]} Ke8 {[%emt 0:00:31]} 37. Bd6 {[%emt 0:00:28]} Qf6 {[%emt 0:00:40]} 38. Qxf6 {[%emt 0:02:58]} gxf6 {[%emt 0:00:06]} 39. Bc5 {[%emt 0:00:06]} Kf7 {[%emt 0:00:57]} 40. Ra3 {[%emt 0:00:59]} Ra8 {[%emt 0:00:32]} 41. Rb3 {[%emt 0:00:14]} e5 {[%emt 0:00:23]} 42. dxe5 {[%emt 0:00:38]} fxe5 {[%emt 0:00:15]} 43. Rxb5 Kg7 {[%emt 0:00:53]} 44. Bxa7 {[%emt 0:00:39]} Kh6 {[%emt 0:00:21]} 45. Rb6+ {[%emt 0:00:40]} Kxh5 {[%emt 0:00:22]} 46. Bb8 {[%emt 0:00:03]} d4 {[%emt 0:00:39]} 47. Bxe5 {[%emt 0:00:42]} Kg4 {[%emt 0:00:37]} 48. Bb8 {[%emt 0:00:27]} Kf3 {[%emt 0:00:31]} 49. a7 {[%emt 0:00:33]} d3 {[%emt 0:00:26]} 50. Kf1 {[%emt 0:00:11]} Ke4 {[%emt 0:00:34]} 51. Ke1 {[%emt 0:00:08]} Nd4 {[%emt 0:00:17]} 52. Rb4 {[%emt 0:00:40]} Kd5 {[%emt 0:00:16]} 53. Kd2 {[%emt 0:01:06]} Kc5 {[%emt 0:00:29]} 54. Rb1 {[%emt 0:01:53]} Nc6 {[%emt 0:00:22]} 55. Rc1+ {[%emt 0:01:11]} Kd5 {[%emt 0:01:03]} 56. Rxc6 {[%emt 0:02:47]} Kxc6 {[%emt 0:00:14]} 57. Kxd3 {[%emt 0:00:01]} Kd5 {[%emt 0:00:13]} 58. f4 {[%emt 0:00:13]} Ke6 {[%emt 0:00:09]} 59. Ke4 {[%emt 0:00:01]} Kf6 {[%emt 0:01:22]} 60. f5 {[%emt 0:00:03]} Ke7 {[%emt 0:00:35]} 61. Ke5 {[%emt 0:00:16]} Kf7 {[%emt 0:00:17]} 62. f6 {[%emt 0:00:01]} Kf8 {[%emt 0:00:45]} 63. Ke6 {[%emt 0:00:05]} Ke8 {[%emt 0:00:28]} 64. f7+ {[%emt 0:00:04]} Kf8 {[%emt 0:00:08]} 65. Bd6+ {[%emt 0:00:10]} 1-0

[Event "14th Vandoeuvre Open 2018"]
[Site "?"]
[Date "2018.01.06"]
[Round "9"]
[White "Mergen, Bat"]
[Black "Schmitt, Axel"]
[Result "1-0"]
[WhiteElo "1852"]
[BlackElo "2323"]
[PlyCount "74"]
[EventDate "2018.??.??"]
[EventType "swiss"]
[EventCountry "FRA"]
[SourceTitle "Vandoeuvre"]
[TimeControl "5400+30"]
[WhiteClock "0:01:22"]
[BlackClock "0:09:11"]

1. d4 {[%emt 0:00:00]} Nf6 {[%emt 0:00:00]} 2. Nf3 {[%emt 0:00:00]} e6 {[%emt 0:00:00]} 3. g3 {[%emt 0:00:09]} c5 {[%emt 0:00:32]} 4. Bg2 {[%emt 0:02:42]} Nc6 {[%emt 0:00:38]} 5. O-O {[%emt 0:00:37]} Be7 {[%emt 0:00:43]} 6. c4 {[%emt 0:00:38]} cxd4 {[%emt 0:05:26]} 7. Nxd4 {[%emt 0:00:26]} O-O {[%emt 0:00:17]} 8. Nc3 {[%emt 0:06:44]} Qb6 {[%emt 0:03:31]} 9. e3 {[%emt 0:06:09]} Rd8 {[%emt 0:02:20]} 10. Na4 {[%emt 0:04:26]} Qc7 {[%emt 0:11:08]} 11. e4 {[%emt 0:02:33]} Nxd4 {[%emt 0:00:40]} 12. Qxd4 {[%emt 0:00:15]} d6 {[%emt 0:00:30]} 13. Nc3 {[%emt 0:00:57]} Bd7 {[%emt 0:00:35]} 14. b3 {[%emt 0:01:06]} Bc6 {[%emt 0:01:03]} 15. a4 {[%emt 0:04:26]} a6 {[%emt 0:01:46]} 16. Ba3 {[%emt 0:01:19]} Re8 {[%emt 0:05:32]} 17. Rfd1 {[%emt 0:07:40]} Rad8 {[%emt 0:00:18]} 18. Rac1 {[%emt 0:05:21]} Bf8 {[%emt 0:06:43]} 19. b4 {[%emt 0:11:40]} b6 {[%emt 0:00:25]} 20. Nd5 {[%emt 0:01:04]} Bxd5 {[%emt 0:03:17]} 21. cxd5 {[%emt 0:00:33]} Qd7 {[%emt 0:08:02]} 22. Rc6 {[%emt 0:00:32]} exd5 {[%emt 0:00:29]} 23. exd5 {[%emt 0:00:24]} Rb8 {[%emt 0:02:20]} 24. Bb2 {[%emt 0:09:22]} Rec8 {[%emt 0:25:19]} 25. b5 {[%emt 0:04:20]} axb5 {[%emt 0:01:40]} 26. axb5 {[%emt 0:00:13]} Qd8 {[%emt 0:03:58]} 27. Rdc1 {[%emt 0:01:56]} Rxc6 {[%emt 0:04:25]} 28. bxc6 {[%emt 0:04:44]} Qc7 {[%emt 0:02:07]} 29. Rb1 {[%emt 0:01:06]} Be7 {[%emt 0:02:44]} 30. Bc1 {[%emt 0:00:57]} Bd8 {[%emt 0:00:46]} 31. h3 {[%emt 0:03:26]} h6 {[%emt 0:04:42]} 32. Be3 {[%emt 0:00:19]} Qe7 {[%emt 0:01:31]} 33. Rb5 {[%emt 0:03:04]} Bc7 {[%emt 0:00:19]} 34. Qb2 {[%emt 0:00:33]} Qd8 {[%emt 0:00:59]} 35. Kh2 {[%emt 0:04:18]} Nh7 {[%emt 0:01:17]} 36. Bd4 {[%emt 0:04:45]} Nf6 {[%emt 0:00:40]} 37. Rb3 {[%emt 0:00:35]} Ne8 {[%emt 0:00:26]} 1-0

[Event "14th Vandoeuvre Open 2018"]
[Site "?"]
[Date "2018.01.06"]
[Round "9"]
[White "Bat, Bilguun"]
[Black "Oney, Remel"]
[Result "1-0"]
[WhiteElo "1809"]
[BlackElo "1828"]
[PlyCount "115"]
[EventDate "2018.??.??"]
[EventType "swiss"]
[EventCountry "FRA"]
[SourceTitle "Vandoeuvre"]
[TimeControl "5400+30"]
[WhiteClock "0:02:26"]
[BlackClock "0:37:34"]

1. d4 {[%emt 0:00:00]} d5 {[%emt 0:08:01]} 2. c4 {[%emt 0:00:00]} c5 {[%emt 0:00:01]} 3. cxd5 {[%emt 0:00:08]} Qxd5 {[%emt 0:00:35]} 4. Nf3 {[%emt 0:00:08]} cxd4 {[%emt 0:00:05]} 5. Nc3 {[%emt 0:00:06]} Qa5 {[%emt 0:00:06]} 6. Nxd4 {[%emt 0:00:05]} e5 {[%emt 0:01:09]} 7. Nb3 {[%emt 0:00:06]} Qc7 {[%emt 0:00:49]} 8. Bd2 {[%emt 0:03:16]} Nf6 {[%emt 0:01:55]} 9. Rc1 {[%emt 0:00:08]} Nc6 {[%emt 0:00:15]} 10. g3 {[%emt 0:00:07]} Be6 {[%emt 0:05:27]} 11. Bg2 {[%emt 0:00:23]} Be7 {[%emt 0:01:54]} 12. O-O {[%emt 0:00:38]} O-O {[%emt 0:01:18]} 13. Qc2 {[%emt 0:00:30]} Rac8 {[%emt 0:06:55]} 14. Na4 {[%emt 0:07:39]} Qd6 {[%emt 0:09:23]} 15. Nac5 {[%emt 0:12:45]} Nd4 {[%emt 0:04:00]} 16. Qd1 {[%emt 0:08:13]} Bg4 {[%emt 0:18:54]} 17. Nxd4 {[%emt 0:04:16]} Rxc5 {[%emt 0:01:44]} 18. Rxc5 {[%emt 0:00:18]} Qxc5 {[%emt 0:01:23]} 19. Nb3 {[%emt 0:00:16]} Qb5 {[%emt 0:01:05]} 20. Re1 {[%emt 0:00:50]} Rd8 {[%emt 0:04:05]} 21. Qc1 {[%emt 0:13:50]} Rc8 {[%emt 0:03:03]} 22. Qd1 {[%emt 0:07:34]} Qd7 {[%emt 0:07:08]} 23. Bc3 {[%emt 0:01:15]} Qb5 {[%emt 0:07:19]} 24. Qd3 {[%emt 0:03:27]} Qa4 {[%emt 0:09:03]} 25. Bxb7 {[%emt 0:02:12]} Rd8 {[%emt 0:01:02]} 26. Qa6 {[%emt 0:00:19]} Qxa6 {[%emt 0:01:57]} 27. Bxa6 {[%emt 0:00:07]} e4 {[%emt 0:00:01]} 28. Bb7 {[%emt 0:00:56]} Rb8 {[%emt 0:02:37]} 29. Bc6 {[%emt 0:00:24]} Be6 {[%emt 0:00:38]} 30. Nd4 {[%emt 0:00:28]} Bh3 {[%emt 0:00:36]} 31. f3 {[%emt 0:00:51]} Bc5 {[%emt 0:00:19]} 32. e3 {[%emt 0:00:26]} exf3 {[%emt 0:00:13]} 33. Bxf3 {[%emt 0:00:13]} h6 {[%emt 0:00:54]} 34. a3 {[%emt 0:00:46]} Re8 {[%emt 0:00:32]} 35. Nc2 {[%emt 0:00:57]} Ng4 {[%emt 0:00:55]} 36. Bd4 {[%emt 0:00:16]} Ne5 {[%emt 0:00:50]} 37. Bg2 {[%emt 0:00:42]} Bxg2 {[%emt 0:00:41]} 38. Kxg2 {[%emt 0:00:05]} Nd3 {[%emt 0:00:19]} 39. Bxc5 {[%emt 0:00:54]} Nxc5 {[%emt 0:00:19]} 40. b4 {[%emt 0:00:23]} Ne4 {[%emt 0:00:49]} 41. Kf3 {[%emt 0:00:16]} Rc8 {[%emt 0:00:27]} 42. Nd4 {[%emt 0:00:22]} Nd2+ {[%emt 0:00:26]} 43. Ke2 {[%emt 0:00:09]} Ne4 {[%emt 0:00:19]} 44. Ra1 {[%emt 0:01:36]} Kh7 {[%emt 0:00:33]} 45. a4 {[%emt 0:00:28]} Kg6 {[%emt 0:00:38]} 46. b5 {[%emt 0:00:18]} Nc3+ {[%emt 0:00:25]} 47. Kd3 {[%emt 0:00:10]} Nd5 {[%emt 0:00:12]} 48. Nc6 {[%emt 0:00:31]} a5 {[%emt 0:00:48]} 49. e4 {[%emt 0:00:31]} Nb4+ {[%emt 0:00:06]} 50. Nxb4 {[%emt 0:00:06]} axb4 {[%emt 0:00:01]} 51. Rb1 {[%emt 0:00:18]} Rc3+ {[%emt 0:00:35]} 52. Kd4 {[%emt 0:00:07]} Rc2 {[%emt 0:01:04]} 53. Rxb4 {[%emt 0:00:08]} Rxh2 {[%emt 0:00:05]} 54. b6 {[%emt 0:00:05]} Rd2+ {[%emt 0:00:37]} 55. Ke3 {[%emt 0:00:12]} Rd8 {[%emt 0:00:12]} 56. b7 {[%emt 0:00:03]} Rb8 {[%emt 0:00:11]} 57. a5 {[%emt 0:00:03]} Kg5 {[%emt 0:01:06]} 58. a6 {[%emt 0:00:06]} 1-0